Morfología flexiva de los verbos intransitivos del bribri

Gorde:
Xehetasun bibliografikoak
Egile nagusia: Monge Bermúdez, Lilliam María
Formatua: Liburua
Hizkuntza:Undetermined
Argitaratua: San José, Costa Rica Escuela de Filología, Lingüística y Literatura,Universidad de Costa Rica 1988
Gaiak:
Etiketak: Etiketa erantsi
Etiketarik gabe, Izan zaitez lehena erregistro honi etiketa jartzen!

MARC

LEADER 00000nam a2200000Ia 4500
008 170316s9999 xx 000 0 und d
040 |a cru BVZT 
090 |a Tesis 399 
100 |a Monge Bermúdez, Lilliam María 
245 |a Morfología flexiva de los verbos intransitivos del bribri 
260 |a San José, Costa Rica 
260 |b Escuela de Filología, Lingüística y Literatura,Universidad de Costa Rica 
260 |c 1988 
300 |a 58 páginas 
650 |a LICENCIATURA EN FILOLOGÍA ESPAÑOLA 
650 |a TRABAJO FINAL DE GRADUACIÓN 
999 |c 14033  |d 14033 
942 |c TFG  |h Tesis 399  |2 z